Chọn tạo giống lúa đột biến ngắn ngày : Chuyên đề luận án tiến sĩ
Nội dung đề tài nghiên cứu cơ sở khoa học của hiện tượng đột biến, ứng dụng đột biến trong chọn giống lúa trên thế giới và ứng dụng tại Việt Nam. Nhận xét cơ sở chọn giống lúa đọt biến bằng phương pháp sốc nhệt, vị trí ZGen kiểm...
Saved in:
| Main Author: | |
|---|---|
| Format: | Book |
| Language: | Undetermined |
| Published: |
Cần Thơ
Trường Đại học Cần Thơ
2013
|
| Subjects: | |
| Tags: |
Add Tag
No Tags, Be the first to tag this record!
|
| Institutions: | Trung tâm Học liệu Trường Đại học Cần Thơ |
|---|
| LEADER | 01333nam a2200229Ia 4500 | ||
|---|---|---|---|
| 001 | CTU_205253 | ||
| 008 | 210402s9999 xx 000 0 und d | ||
| 082 | |a 633.18 | ||
| 082 | |b L305 | ||
| 088 | |a TNCS2013-28 | ||
| 100 | |a Quan, Thị Ái Liên | ||
| 245 | 0 | |a Chọn tạo giống lúa đột biến ngắn ngày : | |
| 245 | 0 | |b Chuyên đề luận án tiến sĩ | |
| 245 | 0 | |c Quan Thị Ái Liên ; Võ Công Thành (người hướng dẫn) | |
| 260 | |a Cần Thơ | ||
| 260 | |b Trường Đại học Cần Thơ | ||
| 260 | |c 2013 | ||
| 520 | |a Nội dung đề tài nghiên cứu cơ sở khoa học của hiện tượng đột biến, ứng dụng đột biến trong chọn giống lúa trên thế giới và ứng dụng tại Việt Nam. Nhận xét cơ sở chọn giống lúa đọt biến bằng phương pháp sốc nhệt, vị trí ZGen kiểm soát một số tính trạng nông học của cây lúa. kết quả nghiên cứu thực nghiệm chọn tạo giống lúa đột biến tai ĐH Cần Thơ. | ||
| 650 | |a Rice breeders,Cây lúa,Chọn giống lúa,Rice | ||
| 904 | |i Qhieu | ||
| 915 | |a NN | ||
| 980 | |a Trung tâm Học liệu Trường Đại học Cần Thơ | ||